[Event "Aut_chT_0910"]
[Site "Baden"]
[Date "2009.11.06"]
[Round "1"]
[Board "1"]
[White "Varga, Zoltan"]
[Black "Meier, Georg"]
[Result "0-1"]
[WhiteElo "2485"]
[BlackElo "2663"]
[PlyCount "142"]
[EventDate "2009.11.06"]
[EventType "team"]
[EventRounds "11"]
[EventCountry "AUT"]
[WhiteTeam "ASVOE SK Lackenbach"]
[BlackTeam "Holz Dohr"]

1.e4 e6 2.d4 d5 3.Nc3 dxe4 4.Nxe4 Nd7 5.Nf3 Ngf6 6.Nxf6+ Nxf6 7.c3 c5 8.Ne5 a6
9.Qa4+ Nd7 10.Bb5 cxd4 11.Bxd7+ Bxd7 12.Qxd4 f6 13.Nxd7 Qxd7 14.Qe4 O-O-O 15.Be3
Be7 16.O-O Qd5 17.Qa4 Qc6 18.Qxc6+ bxc6 19.Rfd1 c5 20.Kf1 Kc7 21.Ke2 Kc6 22.b3
Bd6 23.Rd3 Be5 24.Re1 Rd5 25.Rxd5 exd5 26.Kd3 Rb8 27.h3 a5 28.Rc1 Bd6 29.Rc2 f5
30.g3 Rb7 31.Rc1 g6 32.Rc2 Rb8 33.Rc1 Rf8 34.Bh6 Re8 35.c4 a4 36.cxd5+ Kxd5
37.Rd1 axb3 38.axb3 Ra8 39.Kc3+ Kc6 40.Kc4 Re8 41.Be3 Re4+ 42.Kd3 Rb4 43.Kc2 f4
44.Bd2 Re4 45.g4 Re2 46.Rf1 f3 47.Kd3 Kd5 48.Rd1 Be5 49.Bc3 Bxc3 50.Kxc3+ Ke4
51.Rd2 h5 52.gxh5 gxh5 53.Rc2 Kf4 54.Kd3 Rxc2 55.Kxc2 Kg5 56.Kd3 Kh4 57.Kc4 Kxh3
58.Kxc5 Kg2 59.b4 h4 60.b5 h3 61.b6 h2 62.b7 h1=Q 63.b8=Q Qc1+ 64.Kd4 Qd2+
65.Ke4 Qxf2 66.Qb7 Qe2+ 67.Kf4 Qd2+ 68.Kf5 Qd3+ 69.Kg5 Kg1 70.Qg7 f2 71.Kf4+ Kh2

[Event "Aut_chT_0910"]
[Site "Baden"]
[Date "2009.11.06"]
[Round "1"]
[Board "2"]
[White "Kuzubov, Yuriy"]
[Black "Bokros, Albert"]
[Result "1/2-1/2"]
[WhiteElo "2634"]
[BlackElo "2479"]
[PlyCount "95"]
[EventDate "2009.11.06"]
[EventType "team"]
[EventRounds "11"]
[EventCountry "AUT"]
[WhiteTeam "Holz Dohr"]
[BlackTeam "ASVOE SK Lackenbach"]

1.d4 Nf6 2.c4 e6 3.Nc3 d5 4.Bg5 Bb4 5.Nf3 h6 6.Bxf6 Qxf6 7.a3 Bxc3+ 8.bxc3 dxc4
9.Qa4+ Bd7 10.Qxc4 Bc6 11.e3 O-O 12.Be2 Nd7 13.O-O Rac8 14.Qb3 b6 15.Rfd1 Bxf3
16.Bxf3 c5 17.Qa4 Rc7 18.d5 exd5 19.Rac1 Ne5 20.Bxd5 c4 21.Rd4 Rfc8 22.Qc2 b5
23.Rb1 a6 24.a4 Rc5 25.h3 g6 26.Bb7 R8c7 27.Be4 Kg7 28.axb5 axb5 29.Ra1 Nc6
30.Bxc6 R5xc6 31.Rad1 Rb7 32.Qe4 Re7 33.Qb1 Rb7 34.Qe4 Re7 35.Qd5 Re5 36.Qd7 Qe6
37.Qa7 Ra6 38.Qb8 Rb6 39.Qd8 Qf6 40.Qc7 Rc6 41.Qd7 Qe6 42.Qb7 Rb6 43.Qf3 Rf5
44.Qe2 Rc5 45.Qd2 Rc8 46.Rf4 Kg8 47.Qb2 Qe7 48.Rfd4

[Event "Aut_chT_0910"]
[Site "Baden"]
[Date "2009.11.06"]
[Round "1"]
[Board "3"]
[White "Hagara, Eduard"]
[Black "Baklan, Vladimir"]
[Result "0-1"]
[WhiteElo "2383"]
[BlackElo "2644"]
[PlyCount "62"]
[EventDate "2009.11.06"]
[EventType "team"]
[EventRounds "11"]
[EventCountry "AUT"]
[WhiteTeam "ASVOE SK Lackenbach"]
[BlackTeam "Holz Dohr"]

1.e4 c5 2.Nf3 a6 3.c4 e6 4.Nc3 Qc7 5.d4 cxd4 6.Nxd4 Nf6 7.Bg5 Bb4 8.Bxf6 gxf6
9.Qd3 Nc6 10.Nxc6 bxc6 11.Be2 Rb8 12.a3 Bd6 13.b4 c5 14.b5 Be5 15.a4 Ra8 16.Rc1
Bb7 17.Bf3 axb5 18.cxb5 c4 19.Qe2 O-O 20.g3 Bxc3+ 21.Rxc3 Rxa4 22.O-O Rb4
23.Rfc1 d5 24.exd5 exd5 25.Re3 d4 26.Re8 Rxe8 27.Qxe8+ Kg7 28.Be4 d3 29.h4 d2
30.Rd1 c3 31.b6 Rxe4

[Event "Aut_chT_0910"]
[Site "Baden"]
[Date "2009.11.06"]
[Round "1"]
[Board "6"]
[White "Karner, Christoph"]
[Black "Reitgruber, Dietmar"]
[Result "1-0"]
[WhiteElo "2384"]
[BlackElo "1968"]
[PlyCount "73"]
[EventDate "2009.11.06"]
[EventType "team"]
[EventRounds "11"]
[EventCountry "AUT"]
[WhiteTeam "Holz Dohr"]
[BlackTeam "ASVOE SK Lackenbach"]

1.d4 g6 2.c4 Bg7 3.e4 c5 4.d5 d6 5.Nc3 f5 6.exf5 Bxf5 7.Nge2 Nf6 8.Ng3 e5 9.Nxf5
gxf5 10.Qc2 Qd7 11.Be2 Na6 12.a3 Nc7 13.O-O O-O 14.b4 Na6 15.Rb1 b6 16.Nb5 Ne8
17.f4 Nac7 18.Nxc7 Nxc7 19.bxc5 bxc5 20.fxe5 Bxe5 21.Rb3 Ne8 22.Rbf3 Ng7 23.Bd3
Rab8 24.g4 f4 25.Bxh7+ Kh8 26.h3 Qe7 27.Bd3 Qg5 28.Qg2 Rb3 29.Bc2 Rxf3 30.Rxf3
Bd4+ 31.Kh1 Qe5 32.Qf1 Qe7 33.Rxf4 Rxf4 34.Bxf4 Kg8 35.Kg2 Qh4 36.Bxd6 Bf6
37.Bg3

[Event "Aut_chT_0910"]
[Site "Baden"]
[Date "2009.11.06"]
[Round "1"]
[Board "1"]
[White "Luther, Thomas"]
[Black "Polzin, Rainer"]
[Result "1/2-1/2"]
[WhiteElo "2577"]
[BlackElo "2473"]
[PlyCount "57"]
[EventDate "2009.11.06"]
[EventType "team"]
[EventRounds "11"]
[EventCountry "AUT"]
[WhiteTeam "Styria Graz"]
[BlackTeam "ASVOE Wulkaprodersdorf"]

1.e4 c5 2.Nf3 d6 3.d4 cxd4 4.Nxd4 Nf6 5.Nc3 g6 6.Be3 Bg7 7.f3 O-O 8.Qd2 Nc6
9.O-O-O d5 10.exd5 Nxd5 11.Nxc6 bxc6 12.Nxd5 cxd5 13.Qxd5 Qc7 14.Qc5 Qb7 15.Qa3
Bf5 16.Bd3 Rab8 17.b3 Qc6 18.Bxf5 Qc3 19.Bd3 Rbc8 20.Rhf1 Rfd8 21.Rf2 Rxd3
22.Rxd3 Qe1+ 23.Rd1 Qxe3+ 24.Rfd2 Rxc2+ 25.Kxc2 Qc3+ 26.Kb1 Qa1+ 27.Kc2 Qc3+
28.Kb1 Qa1+ 29.Kc2

[Event "Aut_chT_0910"]
[Site "Baden"]
[Date "2009.11.06"]
[Round "1"]
[Board "6"]
[White "Kopinits, Anna-Christina"]
[Black "Pirker, Georg"]
[Result "0-1"]
[WhiteElo "2213"]
[BlackElo "2124"]
[PlyCount "128"]
[EventDate "2009.11.06"]
[EventType "team"]
[EventRounds "11"]
[EventCountry "AUT"]
[WhiteTeam "ASVOE Wulkaprodersdorf"]
[BlackTeam "Styria Graz"]

1.e4 e6 2.d4 d5 3.Nd2 dxe4 4.Nxe4 Be7 5.Nf3 Nd7 6.Bd3 b6 7.O-O Bb7 8.Qe2 Ngf6
9.Neg5 O-O 10.Re1 Bd6 11.Ne5 Qe7 12.Nc4 h6 13.Nf3 c5 14.Nxd6 Qxd6 15.c3 cxd4
16.Nxd4 Qd5 17.f3 Rac8 18.Be3 Rfd8 19.Red1 Qe5 20.Bf2 Qxe2 21.Bxe2 Ne5 22.Nb5
Ba6 23.a4 Nd5 24.Bf1 Rd7 25.Rac1 Rcd8 26.b3 Nc6 27.g3 Kf8 28.Kg2 Ke7 29.Be2 Na5
30.b4 Nc6 31.Kf1 Rc8 32.Ke1 f6 33.f4 Nd8 34.Bf3 Bxb5 35.axb5 Rxc3 36.Rxc3 Nxc3
37.Ra1 Nxb5 38.Bd1 Nc3 39.Bf3 Nd5 40.Ra4 Kd6 41.Kf1 Rc7 42.h4 Nc6 43.b5 Nc3
44.Ra1 Nxb5 45.Rd1+ Ke7 46.g4 Nd6 47.Rc1 Kd7 48.Ra1 e5 49.g5 exf4 50.gxh6 gxh6
51.Ra4 Ne5 52.Bd1 Ndc4 53.Bh5 a5 54.Bxb6 Nxb6 55.Rxa5 Ke6 56.Ra6 Rb7 57.Bd1 Kf5
58.Kf2 Nbd7 59.Ra8 Rb2+ 60.Kf1 Ng4 61.Ba4 Nde5 62.Ra5 Ke4 63.Rc5 Ne3+ 64.Kg1
Nf3+

[Event "Aut_chT_0910"]
[Site "Baden"]
[Date "2009.11.06"]
[Round "1"]
[Board "1"]
[White "Gyimesi, Zoltan"]
[Black "Lipka, Juraj"]
[Result "1-0"]
[WhiteElo "2586"]
[BlackElo "2409"]
[PlyCount "67"]
[EventDate "2009.11.06"]
[EventType "team"]
[EventRounds "11"]
[EventCountry "AUT"]
[WhiteTeam "Sparkasse Jenbach"]
[BlackTeam "ASVOE Pamhagen"]

1.d4 d5 2.c4 c6 3.Nf3 Nf6 4.Nc3 dxc4 5.a4 e6 6.e3 c5 7.Bxc4 Nc6 8.O-O cxd4
9.Nxd4 Bd7 10.e4 Nxd4 11.Qxd4 Bc6 12.Qe3 Qb8 13.e5 Nd7 14.Qg3 a6 15.Re1 g6
16.Bf4 Bg7 17.b4 Nb6 18.Bb3 O-O 19.Rad1 Rd8 20.b5 axb5 21.axb5 Bd5 22.Nxd5 Nxd5
23.Bg5 Re8 24.h4 Ra3 25.Bc1 Ra1 26.h5 Rc8 27.Bxd5 exd5 28.Bf4 Rxd1 29.Rxd1 Rc5
30.h6 Bf8 31.e6 Qe8 32.Bd6 Bxd6 33.Qxd6 Qc8 34.e7

[Event "Aut_chT_0910"]
[Site "Baden"]
[Date "2009.11.06"]
[Round "1"]
[Board "3"]
[White "Acs, Peter"]
[Black "Maslik, Miroslav"]
[Result "1-0"]
[WhiteElo "2538"]
[BlackElo "2377"]
[PlyCount "55"]
[EventDate "2009.11.06"]
[EventType "team"]
[EventRounds "11"]
[EventCountry "AUT"]
[WhiteTeam "Sparkasse Jenbach"]
[BlackTeam "ASVOE Pamhagen"]

1.e4 c5 2.c3 e6 3.d4 d5 4.exd5 exd5 5.Nf3 Nc6 6.Bb5 Bd6 7.dxc5 Bxc5 8.O-O Nge7
9.Nbd2 O-O 10.Nb3 Bb6 11.Re1 Bg4 12.Be3 Bc7 13.h3 Bh5 14.Bc5 Re8 15.Bxc6 bxc6
16.Nbd4 Bd6 17.Nxc6 Nxc6 18.Rxe8+ Qxe8 19.Bxd6 Rd8 20.Bc7 Rd7 21.Bg3 Qe4 22.Qf1
h6 23.Re1 Qg6 24.Nh4 Qf6 25.Re8+ Kh7 26.Qd3+ g6 27.Qa6 Kg7 28.Be5

[Event "Aut_chT_0910"]
[Site "Baden"]
[Date "2009.11.06"]
[Round "1"]
[Board "5"]
[White "Lehner, Oliver"]
[Black "Lovrinovic, Christian"]
[Result "1-0"]
[WhiteElo "2407"]
[BlackElo "2247"]
[PlyCount "103"]
[EventDate "2009.11.06"]
[EventType "team"]
[EventRounds "11"]
[EventCountry "AUT"]
[WhiteTeam "Sparkasse Jenbach"]
[BlackTeam "ASVOE Pamhagen"]

1.c4 e5 2.g3 Nf6 3.Bg2 d5 4.cxd5 Nxd5 5.Nc3 Nb6 6.Nf3 Nc6 7.O-O Be7 8.a3 a5 9.d3
O-O 10.Be3 Bg4 11.Rc1 Rb8 12.Nb5 Nd5 13.Bd2 Re8 14.h3 Be6 15.e4 Nb6 16.Be3 Bf6
17.Qe2 Qd7 18.Rfd1 Nd4 19.Nbxd4 exd4 20.Bf4 Rbc8 21.Qd2 a4 22.Qb4 Bb3 23.Re1
Red8 24.Bxc7 Rxc7 25.Qxb6 Bc2 26.Bf1 Rc6 27.Qb4 g6 28.e5 Bg7 29.Qd2 Bb3 30.Qf4
Be6 31.h4 Rb6 32.Rc2 Bb3 33.Rd2 Be6 34.Bg2 Bf5 35.Ng5 Bh6 36.Be4 Bg4 37.Rc2 Be6
38.Rec1 Bxg5 39.Qxg5 Qe8 40.h5 Qf8 41.h6 Re8 42.f4 Rb5 43.Rf2 Rc8 44.Rxc8 Bxc8
45.Rc2 Be6 46.g4 Bc8 47.Bf3 Bd7 48.Rc7 Be6 49.f5 Rxe5 50.Qf6 Re3 51.fxe6 Rxe6
52.Qxd4

[Event "Aut_chT_0910"]
[Site "Baden"]
[Date "2009.11.06"]
[Round "1"]
[Board "6"]
[White "Bozinovic, Boban"]
[Black "Kleissl, Helmut"]
[Result "1/2-1/2"]
[WhiteElo "2086"]
[BlackElo "2291"]
[PlyCount "114"]
[EventDate "2009.11.06"]
[EventType "team"]
[EventRounds "11"]
[EventCountry "AUT"]
[WhiteTeam "ASVOE Pamhagen"]
[BlackTeam "Sparkasse Jenbach"]

1.d4 d6 2.Nf3 g6 3.g3 Bg7 4.Bg2 c5 5.c3 cxd4 6.cxd4 Nf6 7.Nc3 O-O 8.O-O Nc6 9.b3
Bf5 10.Bb2 Ne4 11.Nxe4 Bxe4 12.Qd2 Qb6 13.Rfd1 d5 14.e3 a5 15.Ne1 Bxg2 16.Kxg2
a4 17.Ba3 axb3 18.axb3 Rfc8 19.Bc5 Qd8 20.Nd3 b6 21.Bb4 Qd7 22.Rdc1 h5 23.h3
Rxa1 24.Rxa1 Nxb4 25.Nxb4 Qb5 26.Ra4 e6 27.g4 hxg4 28.hxg4 Bf8 29.Qd3 Qxd3
30.Nxd3 Rc3 31.Ne5 Bd6 32.Nd7 Be7 33.Ra8+ Kg7 34.Nxb6 Rxb3 35.Nd7 Rb2 36.Kg3 g5
37.Ne5 Bd6 38.Ra7 Bxe5+ 39.dxe5 Rb4 40.f3 Rb3 41.Kf2 Rb2+ 42.Kg3 Rd2 43.Ra4 Re2
44.Ra3 Kf8 45.f4 gxf4+ 46.exf4 Kg7 47.Kf3 Re1 48.Kf2 Re4 49.Kf3 Kg6 50.Rb3 Ra4
51.Rc3 Ra1 52.Kf2 Rd1 53.Rc8 Rd3 54.Rg8+ Kh7 55.Rf8 Kg7 56.Re8 Rd4 57.Kf3 Rd3+

[Event "Aut_chT_0910"]
[Site "Baden"]
[Date "2009.11.06"]
[Round "1"]
[Board "2"]
[White "Roiz, Michael"]
[Black "Novkovic, Milan"]
[Result "1-0"]
[WhiteElo "2652"]
[BlackElo "2396"]
[PlyCount "89"]
[EventDate "2009.11.06"]
[EventType "team"]
[EventRounds "11"]
[EventCountry "AUT"]
[WhiteTeam "SK Sparkasse Fuerstenfeld"]
[BlackTeam "SK Hohenems"]

1.d4 Nf6 2.Nf3 b5 3.Bg5 Ne4 4.Bh4 d5 5.e3 a6 6.a4 b4 7.c4 bxc3 8.Nxc3 Nxc3
9.bxc3 Bf5 10.Bd3 g6 11.O-O Bg7 12.Bxf5 gxf5 13.Qb1 Qc8 14.c4 dxc4 15.Rc1 e6
16.Rxc4 O-O 17.Qc2 c6 18.Bg3 a5 19.Ne5 Bxe5 20.Bxe5 Qd8 21.Qc3 Na6 22.Rxc6 Nb4
23.Rc5 Nd5 24.Qd2 f6 25.Bg3 Rf7 26.Rb1 Nb4 27.Qe2 Rb7 28.Bh4 Kh8 29.Qc4 Qe7
30.h3 Kg7 31.Bg3 Nd5 32.Rxb7 Qxb7 33.Rb5 Qd7 34.Kh2 Kg6 35.Qd3 Qc6 36.e4 fxe4
37.Qxe4+ Kg7 38.Qb1 Ra7 39.Qe1 Nb4 40.Qe3 Nd5 41.Qe1 Nb4 42.Qe2 Ra8 43.Rc5 Qe8
44.Rc7+ Kh8 45.Qe4

[Event "Aut_chT_0910"]
[Site "Baden"]
[Date "2009.11.06"]
[Round "1"]
[Board "5"]
[White "Atlas, Dimitry"]
[Black "Wach, Markus"]
[Result "1/2-1/2"]
[WhiteElo "2328"]
[BlackElo "2381"]
[PlyCount "66"]
[EventDate "2009.11.06"]
[EventType "team"]
[EventRounds "11"]
[EventCountry "AUT"]
[WhiteTeam "SK Hohenems"]
[BlackTeam "SK Sparkasse Fuerstenfeld"]

1.e4 Nf6 2.e5 Nd5 3.d4 d6 4.Nf3 g6 5.g3 Bg7 6.Bg2 O-O 7.O-O Nc6 8.Re1 Bg4 9.exd6
cxd6 10.h3 Bxf3 11.Bxf3 Nb6 12.c3 e5 13.dxe5 dxe5 14.Qb3 Kh8 15.a4 Qc8 16.Bg2 f5
17.Be3 Nd7 18.f4 e4 19.Na3 a6 20.Nc4 Qc7 21.Rad1 Rf6 22.Rd2 Bf8 23.Nb6 Nxb6
24.Bxb6 Na5 25.Bxa5 Qxa5 26.Qxb7 Qc5+ 27.Kh2 Ra7 28.Qd5 Qxd5 29.Rxd5 a5 30.Bf1
Rd6 31.Red1 Rad7 32.Rxd6 Rxd6 33.Rxd6 Bxd6

[Event "Aut_chT_0910"]
[Site "Baden"]
[Date "2009.11.06"]
[Round "1"]
[Board "6"]
[White "Kuba, Guenter"]
[Black "Burschowsky, Matthias"]
[Result "1-0"]
[WhiteElo "2395"]
[BlackElo "2214"]
[PlyCount "81"]
[EventDate "2009.11.06"]
[EventType "team"]
[EventRounds "11"]
[EventCountry "AUT"]
[WhiteTeam "SK Sparkasse Fuerstenfeld"]
[BlackTeam "SK Hohenems"]

1.e4 c5 2.Nf3 e6 3.c3 d5 4.exd5 Qxd5 5.d4 Nf6 6.Na3 Be7 7.Nb5 Na6 8.Be2 O-O
9.O-O Bd7 10.c4 Qc6 11.Ne5 Qc8 12.Nxd7 Qxd7 13.Be3 Rfd8 14.Bf3 cxd4 15.Qxd4 Qc8
16.Nxa7 Qb8 17.Qb6 Rd7 18.Rfd1 Nc5 19.Bxc5 Bxc5 20.Qxc5 Rxa7 21.Rxd7 Nxd7 22.Qe7
Qc7 23.Rd1 b6 24.Qe8+ Nf8 25.Rd8 Qc5 26.a3 g6 27.b4 Qe7 28.Qxe7 Rxe7 29.Rb8 Ra7
30.Rxb6 Rxa3 31.h3 Nd7 32.Rb7 Ra1+ 33.Kh2 Ne5 34.c5 Kf8 35.c6 Nxf3+ 36.gxf3 Ke8
37.b5 Rc1 38.c7 Kd7 39.b6 Rc6 40.Rb8 h5 41.Rd8+

[Event "Aut_chT_0910"]
[Site "Baden"]
[Date "2009.11.06"]
[Round "1"]
[Board "1"]
[White "Boros, Denez"]
[Black "Ragger, Markus"]
[Result "1/2-1/2"]
[WhiteElo "2494"]
[BlackElo "2568"]
[PlyCount "36"]
[EventDate "2009.11.06"]
[EventType "team"]
[EventRounds "11"]
[EventCountry "AUT"]
[WhiteTeam "Husek Wien"]
[BlackTeam "SK Kl.Ztg.MPOE Maria Saal"]

1.e4 e5 2.Nf3 Nc6 3.Bc4 Bc5 4.c3 Nf6 5.d4 exd4 6.e5 d5 7.Bb5 Ne4 8.cxd4 Bb6
9.Be3 O-O 10.O-O Bg4 11.Bxc6 bxc6 12.Qc1 Bxf3 13.gxf3 Qh4 14.fxe4 Qg4+ 15.Kh1
Qf3+ 16.Kg1 Qg4+ 17.Kh1 Qf3+ 18.Kg1 Qg4+

[Event "Aut_chT_0910"]
[Site "Baden"]
[Date "2009.11.06"]
[Round "1"]
[Board "2"]
[White "Pavasovic, Dusko"]
[Black "Mihok, Oliver"]
[Result "0-1"]
[WhiteElo "2574"]
[BlackElo "2403"]
[PlyCount "108"]
[EventDate "2009.11.06"]
[EventType "team"]
[EventRounds "11"]
[EventCountry "AUT"]
[WhiteTeam "SK Kl.Ztg.MPOE Maria Saal"]
[BlackTeam "Husek Wien"]

1.e4 c5 2.Nf3 e6 3.c3 d5 4.exd5 Qxd5 5.d4 Nf6 6.Bd3 Nc6 7.O-O Be7 8.Be3 cxd4
9.cxd4 O-O 10.Nc3 Qd6 11.a3 b6 12.Qe2 Bb7 13.Rad1 Rac8 14.Rfe1 Rfd8 15.Bb1 g6
16.Bg5 Nd5 17.Ne4 Qc7 18.Ba2 Kg7 19.h4 h6 20.Bc1 Nf6 21.Nxf6 Bxf6 22.Qe3 Rh8
23.h5 g5 24.Ne5 Nxe5 25.dxe5 Be7 26.Bd2 Rhd8 27.Bb1 Qc4 28.Qe2 Qxe2 29.Rxe2 Rc7
30.Rde1 Ba6 31.Be4 Bxe2 32.Rxe2 Bc5 33.Kh2 Rcd7 34.Be1 Bd4 35.Bf3 Rc7 36.g3 Rc1
37.Bb4 Bc5 38.Bc3 Bxa3 39.Be4 Bc5 40.f4 g4 41.f5 Rf1 42.f6+ Kg8 43.Bd2 Rxd2
44.Rxd2 Rf2+ 45.Rxf2 Bxf2 46.Bd3 Bd4 47.b3 Bxe5 48.Be2 Bxf6 49.Kg2 Kf8 50.Bxg4
Ke7 51.Be2 Kd6 52.Kf3 Kc5 53.Ke4 Kb4 54.Bd1 Kc3

[Event "Aut_chT_0910"]
[Site "Baden"]
[Date "2009.11.06"]
[Round "1"]
[Board "3"]
[White "Binder, Michael"]
[Black "Buhmann, Rainer"]
[Result "0-1"]
[WhiteElo "2208"]
[BlackElo "2591"]
[PlyCount "78"]
[EventDate "2009.11.06"]
[EventType "team"]
[EventRounds "11"]
[EventCountry "AUT"]
[WhiteTeam "Husek Wien"]
[BlackTeam "SK Kl.Ztg.MPOE Maria Saal"]

1.d4 d5 2.c4 c6 3.cxd5 cxd5 4.Nc3 Nf6 5.Nf3 Nc6 6.Bf4 Qb6 7.Na4 Qa5+ 8.Bd2 Qd8
9.e3 e6 10.Bd3 Bd6 11.O-O O-O 12.Rc1 Qe7 13.a3 e5 14.dxe5 Nxe5 15.Be2 Bd7 16.Nc3
Rad8 17.Qb3 Nxf3+ 18.Bxf3 Qe5 19.g3 Bh3 20.Bg2 Qh5 21.Qd1 Ng4 22.Qf3 Bxg2
23.Qxg2 Ne5 24.Rfd1 Nd3 25.Rb1 Be5 26.Be1 Nxe1 27.Rxe1 Bxc3 28.bxc3 b6 29.Red1
Qe5 30.Rd3 Qe7 31.Rbd1 Rc8 32.a4 Rc4 33.Ra1 Qc7 34.Qxd5 Rxc3 35.Rxc3 Qxc3 36.Rd1
g6 37.Rd4 Rc8 38.h4 Qe1+ 39.Kg2 Rc1

[Event "Aut_chT_0910"]
[Site "Baden"]
[Date "2009.11.06"]
[Round "1"]
[Board "4"]
[White "Kreisl, Robert"]
[Black "Reinwald, Patrick"]
[Result "1/2-1/2"]
[WhiteElo "2389"]
[BlackElo "2096"]
[PlyCount "86"]
[EventDate "2009.11.06"]
[EventType "team"]
[EventRounds "11"]
[EventCountry "AUT"]
[WhiteTeam "SK Kl.Ztg.MPOE Maria Saal"]
[BlackTeam "Husek Wien"]

1.e4 e5 2.Nf3 Nc6 3.Bb5 Nf6 4.d3 Bc5 5.Bxc6 dxc6 6.h3 O-O 7.O-O Qe7 8.Nbd2 Rd8
9.Qe1 Nh5 10.Nb3 Bb6 11.Qc3 f6 12.a4 a6 13.a5 Ba7 14.Be3 Bxe3 15.fxe3 g5 16.Qc5
Qxc5 17.Nxc5 b6 18.Na4 b5 19.Nc5 Ng7 20.d4 exd4 21.Nxd4 Rd6 22.b4 Ne6 23.Ndxe6
Bxe6 24.Rxf6 Bxh3 25.e5 Rxf6 26.exf6 Bg4 27.e4 Kf7 28.e5 h5 29.Ra3 Be6 30.Nxe6
Kxe6 31.Rc3 Kxe5 32.Rxc6 h4 33.f7 g4 34.Rxc7 Kf4 35.Kf2 g3+ 36.Ke2 Kg4 37.Rc6
Rf8 38.Rf6 Kg5 39.Rf1 Kg4 40.Rf3 h3 41.gxh3+ Kxh3 42.Rf6 Kh2 43.Rh6+ Kg1

[Event "Aut_chT_0910"]
[Site "Baden"]
[Date "2009.11.06"]
[Round "1"]
[Board "5"]
[White "Zojer, Stefan"]
[Black "Halvax, Georg"]
[Result "0-1"]
[WhiteElo "2043"]
[BlackElo "2265"]
[PlyCount "44"]
[EventDate "2009.11.06"]
[EventType "team"]
[EventRounds "11"]
[EventCountry "AUT"]
[WhiteTeam "Husek Wien"]
[BlackTeam "SK Kl.Ztg.MPOE Maria Saal"]

1.e4 c5 2.Nf3 e6 3.d4 cxd4 4.Nxd4 Nf6 5.Nc3 Nc6 6.Nxc6 bxc6 7.Bc4 d5 8.Bd3 e5
9.O-O d4 10.Ne2 Bd6 11.Qe1 O-O 12.f4 exf4 13.Bxf4 Re8 14.Qh4 Be5 15.Bxe5 Rxe5
16.Qf2 c5 17.b4 cxb4 18.Nxd4 Bb7 19.Nf3 Nxe4 20.Bxe4 Rxe4 21.Ng5 Re7 22.Nxf7 Qd5

[Event "Aut_chT_0910"]
[Site "Baden"]
[Date "2009.11.06"]
[Round "1"]
[Board "6"]
[White "Hartl, Daniel"]
[Black "Haas, Bernhard"]
[Result "1/2-1/2"]
[WhiteElo "2253"]
[BlackElo "1995"]
[PlyCount "66"]
[EventDate "2009.11.06"]
[EventType "team"]
[EventRounds "11"]
[EventCountry "AUT"]
[WhiteTeam "SK Kl.Ztg.MPOE Maria Saal"]
[BlackTeam "Husek Wien"]

1.e4 e6 2.d4 d5 3.Nc3 Nf6 4.e5 Nfd7 5.f4 c5 6.Nf3 Nc6 7.Be3 a6 8.Qd2 cxd4 9.Nxd4
Bc5 10.O-O-O O-O 11.Qf2 Nxd4 12.Bxd4 Bxd4 13.Rxd4 b5 14.Bd3 Nb8 15.Be2 Qb6
16.Rf1 b4 17.Nb1 a5 18.Rd3 Qxf2 19.Rxf2 Ba6 20.Rdf3 Bxe2 21.Rxe2 Nc6 22.c3 Rfc8
23.Rc2 Kf8 24.Kd2 Ke7 25.Rg3 g6 26.Rd3 bxc3+ 27.Rdxc3 Kd7 28.a3 Nd4 29.Rxc8 Rxc8
30.Rxc8 Kxc8 31.Kd3 Nc6 32.Kc3 Kb7 33.b4 Kb6

[Event "Aut_chT_0910"]
[Site "Baden"]
[Date "2009.11.06"]
[Round "1"]
[Board "2"]
[White "Platzgummer, Fabian"]
[Black "Socko, Bartosz"]
[Result "1/2-1/2"]
[WhiteElo "2401"]
[BlackElo "2643"]
[PlyCount "59"]
[EventDate "2009.11.06"]
[EventType "team"]
[EventRounds "11"]
[EventCountry "AUT"]
[WhiteTeam "Mayrhofen/Zillertal"]
[BlackTeam "SK Advisory Invest Baden"]

1.Nf3 Nf6 2.c4 e6 3.g3 d5 4.d4 Bb4+ 5.Bd2 a5 6.Bg2 dxc4 7.Bxb4 axb4 8.Ne5 O-O
9.Nxc4 Ra7 10.O-O b6 11.e3 Bb7 12.Bxb7 Rxb7 13.Nbd2 Qd5 14.Qe2 Nc6 15.Nf3 Ra8
16.a3 Rba7 17.Rac1 Ne4 18.axb4 Nxb4 19.Nfd2 Ra2 20.Nxe4 Qxe4 21.Qd2 Nd3 22.Rc3
b5 23.Qxd3 Qxd3 24.Rxd3 bxc4 25.Rc3 R8a4 26.Rfc1 Rxb2 27.Rxc4 Rxc4 28.Rxc4 Rb7
29.Kg2 Kf8 30.h4

[Event "Aut_chT_0910"]
[Site "Baden"]
[Date "2009.11.06"]
[Round "1"]
[Board "3"]
[White "Balogh, Csaba"]
[Black "Gross, David"]
[Result "1/2-1/2"]
[WhiteElo "2619"]
[BlackElo "2465"]
[PlyCount "84"]
[EventDate "2009.11.06"]
[EventType "team"]
[EventRounds "11"]
[EventCountry "AUT"]
[WhiteTeam "SK Advisory Invest Baden"]
[BlackTeam "Mayrhofen/Zillertal"]

1.e4 e5 2.Nf3 Nf6 3.Nxe5 d6 4.Nc4 Nxe4 5.Qe2 Qe7 6.Ne3 c6 7.c4 g6 8.g3 Bg7 9.Bg2
O-O 10.O-O Re8 11.Nc3 Ng5 12.b3 Bh3 13.Bb2 Bxg2 14.Kxg2 Nd7 15.Rae1 f5 16.Qd1
Qf7 17.f4 Ne4 18.Qc2 h5 19.Ncd1 Bxb2 20.Qxb2 Qf6 21.Qxf6 Ndxf6 22.Re2 Nc5 23.Nf2
Ne6 24.Rc1 Re7 25.Ree1 Rae8 26.Nc2 Nc5 27.Rxe7 Rxe7 28.Re1 Rxe1 29.Nxe1 a5
30.Kf3 Kf7 31.Ke3 Ng4+ 32.Nxg4 hxg4 33.d3 Kf6 34.Nc2 g5 35.fxg5+ Kxg5 36.Nd4 Kf6
37.Ne2 Ne6 38.Nf4 Ng5 39.Nh5+ Kg6 40.Nf4+ Kf6 41.Nh5+ Kg6 42.Nf4+ Kf6

[Event "Aut_chT_0910"]
[Site "Baden"]
[Date "2009.11.06"]
[Round "1"]
[Board "5"]
[White "Baumegger, Siegfried"]
[Black "Schiestl, Josef"]
[Result "1-0"]
[WhiteElo "2442"]
[BlackElo "2118"]
[PlyCount "87"]
[EventDate "2009.11.06"]
[EventType "team"]
[EventRounds "11"]
[EventCountry "AUT"]
[WhiteTeam "SK Advisory Invest Baden"]
[BlackTeam "Mayrhofen/Zillertal"]

1.d4 Nf6 2.c4 g6 3.Nc3 Bg7 4.e4 d6 5.f3 O-O 6.Be3 Nbd7 7.Nge2 a6 8.Qd2 c5 9.dxc5
dxc5 10.Rd1 Qc7 11.Nf4 e6 12.Nd3 b6 13.Bf4 e5 14.Bg5 Bb7 15.Nf2 Rfe8 16.Be2 Nf8
17.Nd5 Bxd5 18.cxd5 b5 19.b3 Rec8 20.O-O Ne8 21.Rc1 Nd7 22.Be3 Nd6 23.Nd3 Nb7
24.Rc2 Bf8 25.f4 Bd6 26.Bg4 exf4 27.Bxf4 Bxf4 28.Nxf4 Rf8 29.Bxd7 Qxd7 30.e5
Rad8 31.Nh5 f5 32.Nf4 Rfe8 33.Re1 Qg7 34.Qe3 Qh6 35.Rd2 Nd6 36.Ne6 Qxe3+ 37.Rxe3
Ne4 38.Rxe4 Rxe6 39.Re3 Re7 40.Kf2 Kf8 41.Kf3 g5 42.e6 Rd6 43.Re5 Ke8 44.Rc2

[Event "Aut_chT_0910"]
[Site "Baden"]
[Date "2009.11.06"]
[Round "1"]
[Board "6"]
[White "Kroell, Johannes"]
[Black "Bawart, Markus"]
[Result "0-1"]
[WhiteElo "2264"]
[BlackElo "2399"]
[PlyCount "68"]
[EventDate "2009.11.06"]
[EventType "team"]
[EventRounds "11"]
[EventCountry "AUT"]
[WhiteTeam "Mayrhofen/Zillertal"]
[BlackTeam "SK Advisory Invest Baden"]

1.Nc3 d5 2.e4 d4 3.Nce2 c5 4.Ng3 Nc6 5.f4 Nf6 6.Bc4 a6 7.a4 h5 8.d3 h4 9.N3e2 h3
10.g3 Bg4 11.Kf2 Bh5 12.Bd2 Na5 13.Ba2 e5 14.Qf1 Ng4+ 15.Ke1 c4 16.fxe5 Qb6
17.Rb1 cxd3 18.cxd3 Bb4 19.Nf3 Ne3 20.Qf2 Bxf3 21.Qxf3 Bxd2+ 22.Kxd2 Qb4+ 23.Nc3
O-O 24.Ke2 Rac8 25.e6 Nb3 26.e7 Rfe8 27.Bxb3 Qxb3 28.Rhc1 Rxe7 29.Qh5 Rxc3
30.bxc3 Qa2+ 31.Ke1 Ng2+ 32.Kf1 Ne3+ 33.Ke1 dxc3 34.Qxh3 Qd2#

[Event "Aut_chT_0910"]
[Site "Baden"]
[Date "2009.11.07"]
[Round "2"]
[Board "1"]
[White "Meier, Georg"]
[Black "Lanka, Zigurds"]
[Result "1-0"]
[WhiteElo "2663"]
[BlackElo "2506"]
[PlyCount "81"]
[EventDate "2009.11.06"]
[EventType "team"]
[EventRounds "11"]
[EventCountry "AUT"]
[WhiteTeam "Holz Dohr"]
[BlackTeam "Mayrhofen/Zillertal"]

1.d4 Nf6 2.c4 c5 3.d5 b5 4.cxb5 a6 5.bxa6 g6 6.Nc3 Bxa6 7.g3 d6 8.Bg2 Nbd7 9.Nf3
Nb6 10.O-O Bg7 11.Re1 O-O 12.Nd2 Ng4 13.h3 Ne5 14.Qc2 Nbc4 15.b3 Nxd2 16.Bxd2
Bc8 17.a4 h6 18.Kh2 Rb8 19.Rab1 Kh7 20.f4 Nd7 21.Nb5 Rh8 22.e4 Kg8 23.Na7 Bb7
24.Nc6 Bxc6 25.dxc6 Nf8 26.b4 Ne6 27.b5 h5 28.h4 Nd4 29.Qc4 e6 30.Bc3 Qc7 31.e5
Kh7 32.Bxd4 cxd4 33.exd6 Qxd6 34.c7 Rbc8 35.b6 d3 36.Qc6 Qe7 37.Rbd1 Bf6 38.Rxd3
Bxh4 39.Rd7 Qb4 40.Rxf7+ Kh6 41.Rxe6